The politics of American democracy / (Record no. 58323)
[ view plain ]
| 000 -LEADER | |
|---|---|
| fixed length control field | 00886nam a2200265 a 4500 |
| 001 - CONTROL NUMBER | |
| control field | 58323 |
| 003 - CONTROL NUMBER IDENTIFIER | |
| rucl marc code | BD-RjUL |
| 005 - DATE AND TIME OF LATEST TRANSACTION | |
| control field | 20211209080617.0 |
| 008 - FIXED-LENGTH DATA ELEMENTS--GENERAL INFORMATION | |
| fixed length control field | 161217s1981 njua 001 0 eng |
| 020 ## - INTERNATIONAL STANDARD BOOK NUMBER | |
| International Standard Book Number | 0136851568 |
| Terms of availability | $17.95 |
| 035 ## - SYSTEM CONTROL NUMBER | |
| System control number | (BD-RjUL)58447 |
| 040 ## - CATALOGING SOURCE | |
| Original cataloging agency | DLC |
| Transcribing agency | DLC |
| Modifying agency | DLC |
| -- | BD-RjUL |
| Language of cataloging | eng |
| 041 ## - LANGUAGE CODE | |
| Language code of text/sound track or separate title | eng |
| 082 00 - DEWEY DECIMAL CLASSIFICATION NUMBER | |
| Classification number | 320.973 |
| Edition number | 23 |
| Author mark and year | IRP 1981 |
| 100 1# - MAIN ENTRY--PERSONAL NAME | |
| Personal name | Irish, Marian Doris. |
| 9 (RLIN) | 171869 |
| 245 14 - TITLE STATEMENT | |
| Title | The politics of American democracy / |
| Statement of responsibility, etc. | Marian D. Irish, James W. Prothro, Richard J. Richardson. |
| 250 ## - EDITION STATEMENT | |
| Edition statement | 7th ed. |
| 260 ## - PUBLICATION, DISTRIBUTION, ETC. (IMPRINT) | |
| Place of publication, distribution, etc. | Englewood Cliffs, N.J. : |
| Name of publisher, distributor, etc. | Prentice-Hall, |
| Date of publication, distribution, etc. | c1981. |
| 300 ## - PHYSICAL DESCRIPTION | |
| Pagination | x, 502 p. : |
| Illustrations | ill. ; |
| Size | 24 cm. |
| 500 ## - GENERAL NOTE | |
| General note | Includes index. |
| 651 #0 - SUBJECT ADDED ENTRY--GEOGRAPHIC NAME | |
| Geographic name | United States |
| General subdivision | Politics and government. |
| 9 (RLIN) | 171844 |
| 700 1# - ADDED ENTRY--PERSONAL NAME | |
| Personal name | Prothro, James Warren, |
| Dates associated with a name | 1922- |
| Relator term | joint author. |
| Personal name | Richardson, Richard J., |
| Relator term | joint author. |
| 942 ## - ADDED ENTRY ELEMENTS (KOHA) | |
| Source of classification or shelving scheme | Dewey Decimal Classification |
| Koha item type | Books |
| Lost status | Source of classification or shelving scheme | Damaged status | Not for loan | Collection code | Permanent Location | Current Location | Shelving location | Date acquired | Source of acquisition | Cost, normal purchase price | Total Checkouts | Full call number | Date last seen | Copy number | Koha item type |
|---|---|---|---|---|---|---|---|---|---|---|---|---|---|---|---|
| Dewey Decimal Classification | Not For Loan | Non-fiction | Central Library, University of Rajshahi | Central Library, University of Rajshahi | Reading Room | 15/08/1984 | Asia foundation | 0.00 | 320.973 IRP 1981 | 17/12/2016 | C-1 | Books |